000 00332 a2200097 4500
245 0 0 _aPrzetwarzanie informacji i komputery - Terminologia Reprezentacja danych PN-90/T-01016.05 /
_cMin. Przemysłu.
246 1 3 _aPN-90/T-01016.05
246 1 3 _a681.3:001.4
260 _aWarszawa :
_bMin. Przemysłu,
_c1990.
300 _a12 stron ;
_c30 cm.
650 _aPolska norma
999 _c19005
_d19005